000 00300nam a2200085Ia 4500
008 220120s9999||||xx |||||||||||||| ||und||
100 _aKavya, Manasa, Priyanka and Tejaswini
_912484
245 0 _aAnti theft control systems using embedded systems
260 _aCoorg Institute of Technology
_bPonnampet
_c2014
999 _c138071
_d138071